Efeitos das decisões no processo administrativo tributário / (Record no. 79)

MARC details
000 -LÍDER
Campo Fixo de Controle 00931cam a2200253 a 4500
001 - NÚMERO DE CONTROLE
Campo de Controle 79
003 - IDENTIFICAÇÃO DO NÚMERO DE CONTROLE
Campo de Controle BR-CuiBMT
005 - DATA E HORA DA ÚLTIMA ATUALIZAÇÃO
Campo de Controle 20231113233341.0
008 - DADOS FIXOS
Dados Fixos 230810s2022 mgba 000 0 por d
020 ## - INTERNATIONAL STANDARD BOOK NUMBER
Nº do ISBN 9786555182033
040 ## - AGÊNCIA CATALOGADORA
Código da Agência Catalogadora BR-CuiBMT
Agência que transcreveu o registro BR-CuiBMT
080 ## - Nº DA CLASSIFICAÇÃO DECIMAL UNIVERSAL
Nº edição CDU 2007
Nº Class. CDU 336.22
090 ## - NÚMERO DE CHAMADA
Nº classificação 336.22
Cutter D353e
100 1# - ENTRADA PRINCIPAL -- AUTOR PESSOAL
Nome pessoal Deligne, Mayse de Sá Pittondo
245 10 - TÍTULO PRINCIPAL
Título principal Efeitos das decisões no processo administrativo tributário /
Indicação de responsabilidade Maysa de Sá Pittondo Deligne ; prefácio Sérgio André Rocha ; apresentação Valter Lobato, André Mendes Moreira.
260 ## - PUBLICAÇÃO, DISTRIBUIÇÃO, ETC.
Local de publicação Belo Horizonte :
Editora Fórum,
Data c2021.
300 ## - DESCRIÇÃO FÍSICA
N. páginas ou volumes 247 p. :
Ilustrações il. ;
Dimensões 22 cm
504 ## - NOTA DE BIBLIOGRAFIA, ETC.
Nota de bibliografia Inclui bibliografia.
590 ## - NOTA LOCAL
Campo de ligação e número de sequência A Biblioteca possui 1. reimpr. 2022.
650 ## - ASSUNTO TÓPICO
Cabeçalho tópico ou nome geográfico Competência tributária
Subdivisão de forma Jurisprudência
Subdivisão geográfica Brasil
650 ## - ASSUNTO TÓPICO
Cabeçalho tópico ou nome geográfico Processo administrativo fiscal
Subdivisão geográfica Brasil
650 ## - ASSUNTO TÓPICO
Cabeçalho tópico ou nome geográfico Decisão administrativa
Subdivisão geral Natureza jurídica
Subdivisão geográfica Brasil
942 ## - ELEMENTOS DE ENTRADA ADICIONAIS (KOHA)
Fonte de classificação ou esquema de arquivamento Classificação Decimal Universal
Tipo de item do Koha Livros
Holdings
Estado: removido Estado: perdido Fonte de classificação ou esquema de arquivamento Estado: danificado Indisponível para empréstimo Localização permanente Localização atual Data de aquisição Total Checkouts Número de Chamada completo Código de barras Date last seen Número do exemplar Preço efetivo a partir de Tipo de item (Koha) Nota pública
    Classificação Decimal Universal     Biblioteca da Escola Superior de Contas do TCE/MT Biblioteca da Escola Superior de Contas do TCE/MT 28/07/2023   336.22 D353e BIBTCEMT23080055 10/08/2023 Ex. 1 10/08/2023 Livros 1. reimpr. 2022

Powered by Koha